|
|
|
|
| LEADER |
00000cam a2200000 7i4500 |
| 001 |
0000120179 |
| 005 |
20170116.0 |
| 008 |
170116c nyua 0a eng |
| 020 |
|
|
|a 9781422103470
|
| 040 |
|
|
|
| 090 |
0 |
0 |
|a 658.301
|b COA
|
| 245 |
1 |
0 |
|a COACHING PEOPLE :
|b Expert Solutions to Everyday Challenges
|
| 264 |
3 |
1 |
|a Boston :
|b Harvard Business Press
|c c2009
|
| 300 |
|
|
|a xii,69 pages :
|b illustrations ;
|c 17cm.
|
| 336 |
|
|
|a text, rdacontent
|
| 337 |
|
|
|a unmediated
|2 rdamedia
|
| 338 |
|
|
|a volume
|2 rdacarrier
|
| 650 |
0 |
0 |
|a Coaching people
|
| 999 |
|
|
|a 0000414261
|b Buku
|c Lincoln Corner Rak Terbuka
|e Perbadanan Perpustakaan Awam Melaka
|